000 00499nmm a2200169Ia 4500
008 251105s9999||||xx |||||||||||||||||und||
020 _a9788499677453
041 _aspa
100 _aÍñigo Fernández, Luis E.
245 0 _aBreve historia de la Batalla de Lepanto
264 _a[Madrid, España] :
_bEdiciones Nowtilus,
_c2015
300 _a336 páginas
490 _aBreve historia
650 _aHistory (General)
856 _uhttps://public.digitaliapublishing.com/a/171951
942 _cCF
999 _c93161
_d93161